Language Quiz

Random Language Quiz

Most Common 5-Letter UVXYZ Words Quiz Stats

 Plays Quiz not verified by Sporcle

Challenge
Share
Tweet
Embed
Score 0/30 Timer 06:00
0 Plays Today
RANK WORD % Correct
1UNDER
90.7%
12UPPER
81.5%
2YOUNG
78.8%
8YOUTH
78.8%
4VOICE
68.9%
21UNITE
66.9%
3UNTIL
65.6%
18UNCLE
64.9%
13USUAL
62.3%
11UNION
60.9%
9VOTER
59.6%
5VALUE
58.3%
16VITAL
57.6%
20UNITY
57.6%
7VIDEO
55.6%
RANK WORD % Correct
6VISIT
55%
22VOCAL
53%
14YIELD
49%
10URBAN
48.3%
15VIRUS
47%
29VISTA
47%
17YOURS
46.4%
28VENUE
45.7%
26VILLA
43%
19UPSET
42.4%
23VALID
41.1%
24USAGE
39.7%
25ULTRA
35.1%
27VINYL
31.1%
30VALVE
30.5%

You're not logged in!

Compare scores with friends on all Sporcle quizzes.
OR
Log In

You Might Also Like...

Show Comments

Extras

Created May 14, 2015ReportNominate
Tags:5-letter, common, starting

Top Quizzes Today


Score Distribution

Your Account Isn't Verified!

In order to create a playlist on Sporcle, you need to verify the email address you used during registration. Go to your Sporcle Settings to finish the process.

Report this User

Report this user for behavior that violates our Community Guidelines.

Details: